000
00288nam a22001337a 4500
008
181126b xxu||||| |||| 00| 0 eng d
020
_a
9780534554040
041
_a
eng
080
_a
616
100
_a
9
101
_a
FIZ
245
_a
Nimal Physiology
_c
Sherwood.K.Y
942
_2
udc
_c
BK
999
_c
52493
_d
52493